000 00398nam a22001697a 4500
005 20160613104314.0
008 160613b xxu||||| |||| 00| 0 eng d
020 _a978-0-07107775-0
041 _aeng
082 _b7126
100 _aKothari D.P.
_91108
245 _aModern Power System Analysis
260 _bMc Graw Hill
300 _a776
650 _aDIPLOMA ENGINEERING
_9817
942 _cBK
999 _c2473
_d2472